| 000 | 00836cam a2200289 i 4500 | ||
|---|---|---|---|
| 001 | 2288199 | ||
| 003 | GBCCL | ||
| 005 | 20241126110411.0 | ||
| 008 | 791010s1977 enk b 001 0 eng | ||
| 010 | _a 79315381 | ||
| 015 | _aGB77-32400 | ||
| 020 |
_a0551007737 : _c£1.25 |
||
| 040 |
_aDLC _cDLC _dDLC |
||
| 043 | _ae-uk--- | ||
| 050 | 0 | 0 |
_aBT738 _b.F466 |
| 082 | 0 | 0 |
_a261.1 _bFER |
| 100 | 1 |
_aFerguson, John, _d1921-1989. _93924 |
|
| 245 | 1 | 0 |
_aO my people : _bgod's call to society / _c[by] John Ferguson. |
| 260 |
_aLondon : _bOliphants, _c1977. |
||
| 300 |
_a144 p. ; _c19 cm. |
||
| 490 | 0 | _aOliphants outlook books | |
| 500 | _aIncludes indexes. | ||
| 504 | _aBibliography: p. 137-138 | ||
| 650 | 0 |
_aChristian sociology _zGreat Britain. _93925 |
|
| 906 |
_a7 _bcbc _corignew _d4 _encip _f19 _gy-gencatlg |
||
| 942 |
_2ddc _cBK _01 |
||
| 999 |
_c1879 _d1879 |
||